Bonaparte et son temps, 1769-1799 d'après les documents inédits / (Record no. 156128)

MARC details
000 -LEADER
campo de control de longitud fija 00780nam a22001935i 4500
001 - NÚMERO DE CONTROL
campo de control 156128
003 - IDENTIFICADOR DE NÚMERO DE CONTROL
campo de control ES-MaACL
005 - FECHA Y HORA DE LA ÚLTIMA TRANSACCIÓN
campo de control 20250808072355.0
008 - DATOS DE LONGITUD FIJA--INFORMACIÓN GENERAL
campo de control de longitud fija 991104s1880 fr |||| | fre d
100 1# - ENTRADA PRINCIPAL--NOMBRE DE PERSONA
Nombre de persona Jung, Theodore.
9 (RLIN) 172895
245 10 - MENCIÓN DEL TÍTULO
Título Bonaparte et son temps, 1769-1799 d'après les documents inédits /
Mención de responsabilidad, etc. par Th. Iung.
260 ## - PUBLICACIÓN, DISTRIBUCIÓN, ETC.
Lugar de publicación, distribución, etc. Paris :
Nombre del editor, distribuidor, etc. G. Charpentier,
Fecha de publicación, distribución, etc. 1880 (
Fabricante Imp. E. Capiomont et V. Renault)
300 ## - DESCRIPCIÓN FÍSICA
Extensión 2 v. (XI, 418 ; 511 p.) :
Otras características físicas [3] h. pleg. de mapas ;
Dimensiones 18 cm.
600 04 - PUNTO DE ACCESO ADICIONAL DE MATERIA--NOMBRE DE PERSONA
Nombre de persona Napoleón
Numeración I
Títulos y otros términos asociados al nombre , Emperador de Francia.
9 (RLIN) 84910
651 #4 - PUNTO DE ACCESO ADICIONAL DE MATERIA--NOMBRE GEOGRÁFICO
Nombre geográfico Francia-
Subdivisión general Historia-
Subdivisión cronológica 1715-1792
9 (RLIN) 8702
651 #4 - PUNTO DE ACCESO ADICIONAL DE MATERIA--NOMBRE GEOGRÁFICO
Nombre geográfico Francia-
Subdivisión general Historia-
Subdivisión cronológica 1789-1799, Revolución
9 (RLIN) 241176
852 ## - LOCALIZACIÓN
Ubicación ES-MaACL
Número de control de estantería D-1567-68
Nota libre - Enc. hol.
-- - Legado Modesto de la Fuente
Holdings
Estatus retirado Estado de pérdida Estado de daño No para préstamo Colección Biblioteca de origen Biblioteca actual Ubicación en estantería Fecha de adquisición Total de préstamos Signatura topográfica completa Código de barras Visto por última vez Precio de reemplazo Tipo de ítem Koha
        Libros del s. XIX Biblioteca del Ateneo de Madrid Biblioteca del Ateneo de Madrid Sala Valle Inclán 17/01/2008   D-1567-68 901163337 23/02/2023 23/02/2023 Libro impreso antiguo